Statistics for Halo Reach

Click here to take the quiz!

General Stats

  • This quiz has been taken 136 times
  • The average score is 20 of 26

Answer Stats

HintAnswer% Correct
Throughout the whole game, you are Noble . . .Six
99%
Name of the planet where it all takes placeReach
95%
The member of Noble Team who got stabbed in the backEmile
94%
Leader of Noble TeamCarter
93%
Only surviving member of Noble Team, and their best sniperJun
93%
Noble Team's second-in-commandKat
92%
How many different variants of Warthog are there?Three
92%
Basic, least intelligent, easiest to kill enemiesGrunts
91%
Super soldiers - Noble Team are all . . .Spartans
89%
The aliens who invadeCovenant
88%
Best friend of the aboveJorge
85%
Almost always the default weaponAssault Rifle
84%
Melee weapon wielded only by BrutesGravity Hammer
81%
The massive enemiesHunter
80%
Heavily armoured human battle tankScorpion
79%
Helicopter-plane crossFalcon
75%
Dr Halsey's first nameCatherine
72%
Most common enemy dropshipPhantom
71%
What is the name of ONI's headquarters in the campaign?Sword Base
69%
Deadliest rank of EliteZealot
64%
The name of the planet's main cityNew Alexandria
61%
The great creator of HaloBungie
59%
Name of the 4th mission, takes place at nightNightfall
54%
Name of deadly enemy turretsShade Turrets
44%
Highest possible rankInheritor
37%
Enemy equivalent of the human sniper rifleFocus Rifle
35%

Score Distribution

Percentile by Number Answered

Percent of People with Each Score

Your Score History

You have not taken this quiz